|
|
|
|
| LEADER |
00713cam a2200193 7i4500 |
| 001 |
0000036864 |
| 005 |
20170316090000.0 |
| 008 |
110307 eng |
| 020 |
|
|
|a 9781848600119 (pbk.)
|
| 090 |
0 |
0 |
|a Q180.55.M4
|b O95 2010
|
| 100 |
1 |
|
|a O'Leary, Zina
|
| 245 |
1 |
4 |
|a The essential guide to doing your research project
|c Zina O'Leary.
|
| 260 |
|
|
|a Los Angeles:
|b Sage,
|c 2010.
|
| 300 |
|
|
|a x, 308 p.:
|b ill.;
|c 24 cm.
|
| 504 |
|
|
|a Includes bibliographical references and index
|
| 650 |
0 |
0 |
|a Research --
|x Methodology
|
| 997 |
|
|
|a Education & Social Sciences, Faculty
|b Social Sciences, Department
|
| 998 |
|
|
|a Industrial Psychology, Degree
|
| 999 |
|
|
|a 0000048134
|b BOK
|c OPEN SHELF
|e 2nd Floor, Bestari Jaya
|